Živnostenský zákon

Úplné znenie zákona č. 455/1991 Zb. o Živnostenskom podnikaní, (Živnostenský zákon), s odborným výkladom a praktickými riešeniami. Prehľad ustanovení zákona 455/1991 Zb.

Guardado en:
Detalles Bibliográficos
Autor principal: Horvatová, Katarína
Formato: Capítulo de libro
Lenguaje:eslovaco
Materias:
Etiquetas: Agregar Etiqueta
Sin Etiquetas, Sea el primero en etiquetar este registro!

MARC

LEADER 00000naa a2200000 4500
001 r039997
005 20230919115501.9
041 0 |a slo 
044 |a SK 
245 1 0 |a Živnostenský zákon  |c Katarína Horvatová 
520 |a Úplné znenie zákona č. 455/1991 Zb. o Živnostenskom podnikaní, (Živnostenský zákon), s odborným výkladom a praktickými riešeniami. Prehľad ustanovení zákona 455/1991 Zb. 
610 2 0 |a živnosti 
610 2 0 |a živnostníci 
610 2 0 |a podnikanie 
610 2 0 |a zákony 
610 2 0 |a novelizácia 
610 2 0 |a Slovensko 
100 1 |a Horvatová, Katarína